|
|
|
|
| LEADER |
00000nab a2200000uu 4500 |
| 001 |
vtls011503610 |
| 003 |
SK-MaSNL |
| 005 |
20260303193457.0 |
| 008 |
230222|1960 xo |||||||||||||||||cze| |
| 015 |
|
|
|a SNBRB
|
| 035 |
|
|
|a (urnnbn)urn:nbn:sk:snk:ar-a0aj48
|
| 035 |
|
|
|a (uuid)8b5e3884-a8e2-42a2-8ccf-16c8def9b38f
|
| 035 |
|
|
|a urn:nbn:sk:snk-abdxg9
|
| 040 |
|
|
|a SNKBUCL
|b slo
|c SNKBUCL
|e AACR2
|
| 041 |
0 |
|
|a cze
|
| 044 |
|
|
|a xo
|c SK
|
| 100 |
1 |
|
|a Jurek, Antonín
|4 aut
|9 1224673
|
| 245 |
1 |
0 |
|a Základní informace o vibračním navařování
|c Antonín Jurek, Jaromír Lukášek, L. Müncner
|
| 700 |
1 |
|
|a Lukášek, Jaromír
|4 aut
|9 1178351
|
| 700 |
1 |
|
|a Müncner, Ladislav,
|d 1923-2009
|4 aut
|
| 773 |
0 |
|
|t Zváranie : odborný časopis československých zváračov
|g Roč. 9, č. 5 (1960), s. 143-146
|
| 954 |
|
|
|a odborná, vedecká literatúra pôvodná (slovenská)
|2 lita
|
| 954 |
|
|
|a odborná, vedecká literatúra cudzojazyčná (svetová)
|2 lita
|
| 958 |
|
|
|a OND
|
| 958 |
|
|
|a EUIPO
|
| 958 |
|
|
|a article20
|
| 999 |
|
|
|c 2152621
|d 2154551
|